Представление документа в формате MARC21

Поле Инд. ПП Название Значение
Тип записи a
Библиографический уровень m
001 Контрольный номер f1069782-bcb5-4779-8e64-085d33ed2cb3
005 Дата корректировки 20220909084923.8
008 Кодируемые данные 010131 d
020 a ISBN 5-01-001600-1
040 a Служба первич. каталог. RU-RKP
040 a Служба первич. каталог. НБ ТвГУ
041 0_ a Код языка текста rus
080 a Индекс УДК 177
084 a Индекс другой классификации/Индекс ББК Ю713.2
a Индекс другой классификации/Индекс ББК Ю713.13
090 a Полочн. индекс Ю713.2
x Авторский знак А 56
100 1_ a Автор Альберони Франческо
e Роль лиц Автор
245 00 a Заглавие Дружба и любовь
c Ответственность Франческо Альберони ; перевод с итальянского Т. З. Клебановой ; общая редакция А. В. Мудрика
260 0_ a Место издания Москва
b Издательство Прогресс
c Дата издания 1991
300 a Объем 314, [2] с.
c Размеры 20 см
500 a Примечание Перевод изд.: L,amicizia. Innamoramento e amore / Francesco Alberoni (Garzanti)
653 0_ a Ключевые слова Дружба
a Ключевые слова Любовь
a Ключевые слова Этика любви
700 1_ a Другие авторы Мудрик Анатолий Викторович
e Роль лиц ред.
700 1_ a Другие авторы Клебанова Т. З.
e Роль лиц пер.
852 41 i Расстановочный признак Проверка 2022
901 t Тип документа m
920 a Оператор Лиси
a Оператор Суха
a Оператор Поля
a Оператор Петр
930 a Новая/Ретро ретро
952 c Вид литературы К рн
954 a Дата поступления на обработку 20000830
e Дата перешифровки 20220224
954 a Дата поступления на обработку 20200420